| 000 | 00575nam a22002052 4500 | ||
|---|---|---|---|
| 001 | 0000013108 | ||
| 005 | 20151217155854.0 | ||
| 008 | 090603s xx 000 0 eng d | ||
| 020 | _a9966951008 : | ||
| 040 |
_aKABU _cKABU |
||
| 100 | 1 |
_aAlembi, Ezekiel. _@0000158549 |
|
| 245 | 1 | 0 |
_aElijah Masinde / _cEzekiel Alembi. |
| 250 | _a1st ed. | ||
| 260 |
_aNairobi : _bSasa Sema, _c2000. |
||
| 300 | _aix, 69 p. | ||
| 600 | 1 | 0 |
_aMasinde, Elijah. _@0000170228 |
| 852 | 1 | _9p200 KES | |
| 908 | _a090603 | ||
| 950 | _@1 | ||
| 999 |
_c13576 _d13576 |
||